000 00905nam a2200265Ia 4500
003 OSt
005 20221005102902.0
006 a|||||r|||| 00| 0
007 ta
008 221004b |||||||| |||| 00| 0 hin d
020 _cIndian Rupees 70.00
024 _a27961
037 _bGift, 24/10/2016,
_cTextual
040 _aCRL
_cCRL
_bhin
041 _2hin
_ahin
082 _aO155,2N28,GK, 152L8;Q6
100 _aतेंदुलकर, विजय
245 0 _aघासीराम कोतवाल
246 _aGhāsīrām kotavāla
260 _aआगरा
_bहरीश विश्वविद्यालय भारत
_c2016
300 _a104पृ0
_ccm.
650 _aमराठी साहित्य
942 _hO155,2N28,GK, 152L8;Q6
_cTEXL
_2cc
999 _c1009077
_d1009077